000 01045nam0a22002291i 4500
001 rc\1072602
005 20240723220436.0
035 _a(NLR Aleph) 006232371
090 _a6585667
_c6585667
100 _a20041129d1980 u |0rusy50 ca
101 0 _arus
102 _aRU
105 _ay |||||||||
200 1 _aОпыт сотрудничества французской коммунистической партии и Движения левых радикалов в 1972-1978 гг.
_e(Пробл. полит. союза рабочего класса и мелкой буржуазии во Франции)
_eАвтореф. дис. на соиск. учен. степ. канд. ист. наук
_e(07.00.04)
210 _aМ.
_d1980
215 _a23 с.
300 _aВ надзаг.: АН СССР, Ин-т междунар. рабочего движения
700 1 _aШмачкова
_bТ.В.
_gТатьяна Владимировна
801 0 _aRU
_bNLR
_gpsbo
801 1 _aRU
_bELAR
_2rusmarc
852 _aNLR
_j81-4/705
942 _cBOOK